000 00386nam a22001457a 4500
005 20150127103818.0
008 150107b xxu||||| |||| 00| 0 eng d
040 _cPK-LaUMT
082 _aKHC 303.4
_bLAF-E
100 _aLafargue, Paul
245 _aThe evolution of property
_bsavagery to civilization
260 _aRawalpindi
_bGandhara Books
_c[N.D]
300 _a174 p.
942 _cBK
999 _c63573
_d63573